| 000 | 00645nam a2200229Ia 4500 | ||
|---|---|---|---|
| 005 | 20241216010544.0 | ||
| 008 | 180423s9999||||xx |||||||||||||| ||und|| | ||
| 020 | _a84-7356-316-6 | ||
| 082 |
_a515.43 _bC28 |
||
| 100 | _aCASTELEIRO, JOSE M. Y OTRO | ||
| 245 | 0 | _aCALCULO INTEGRAL | |
| 250 | _a0 | ||
| 260 |
_aMADRID-ESPAÑA _bGRAFICAS DEHON _c2002 |
||
| 300 |
_a503 pag _c24 cm |
||
| 341 | _h0 | ||
| 490 |
_v0 _a0 |
||
| 505 | _aINTEGRALE-INMEDIATAS/METODOS-INTEGRACION/INTEGRALES-DEFINIDAS/INTEGRACION-DOBLE/INTEGRALES-EULERIANAS | ||
| 541 |
_aD _bCAREC _d16-May-07 |
||
| 650 | _aCIENCIAS PURAS | ||
| 856 | _zCC. Puras | ||
| 942 | _cLIBRO | ||
| 999 |
_c17593 _d17593 |
||